| 000 | 00564nam a22001817a 4500 | ||
|---|---|---|---|
| 003 | OSt | ||
| 005 | 20140310182948.0 | ||
| 008 | 130205t xxu||||| |||| 00| 0 eng d | ||
| 020 | _a9789710489381 | ||
| 050 |
_aKPM 863 _b.Su9 1998 |
||
| 100 | _aSuarez,Carlos B. | ||
| 245 |
_aThe law on sales, agency pledge and mortgages : _bfor business students / _cCarlos B. Suarez, Alexander Q. Suarez. |
||
| 260 |
_aManila _bCPA Review School of the Philippines _c2008, c1998 |
||
| 300 |
_avii, 456 p. _c22 cm. |
||
| 521 | _aBSA | ||
| 942 |
_2lcc _cBK _kLOC |
||
| 999 |
_c17849 _d17849 |
||